[Event "IECC TH-M email"]
[Site "IECC email"]
[Date "2002.10.03"]
[Round "?"]
[White "Benedicto, Maria Clara"]
[Black "Klawitter, Bernd"]
[Result "0-1"]
[WhiteElo "1310"]
[BlackElo "1436"]
[PlyCount "44"]
[EventDate "2002.??.??"]
[EventType "match (corr)"]
[EventRounds "2"]
[SourceTitle "Corr 2008"]
[Source "ChessBase"]
[SourceDate "2008.06.24"]
[SourceVersion "1"]
[SourceVersionDate "2008.06.24"]
[SourceQuality "1"]

1. d4 Nf6 2. c4 g6 3. Nc3 Bg7 4. e4 d6 5. Nf3 0-0 6. Be2 e5 7. 0-0 Nc6 8. d5 Ne7 9. b4 Nh5 10. Re1 f5 11. Ng5 Nf4 12. Bxf4 exf4 13. Rc1 h6 14. Ne6 Bxe6 15. dxe6 fxe4 16. Nxe4 Be5 17. Nc3 Nf5 18. Qd4 Nxd4 19. Bh5 gxh5 20. Re3 fxe3 21. Kh1 exf2 22. Re1 fxe1R# 0-1

[Event "IECC CL6-2002.25"]
[Site "IECC email"]
[Date "2002.09.02"]
[Round "?"]
[White "Poblete, Litos"]
[Black "Benedicto, Maria Clara"]
[Result "1-0"]
[WhiteElo "1300"]
[BlackElo "1342"]
[PlyCount "33"]
[EventDate "2002.??.??"]
[EventType "tourn (corr)"]
[EventRounds "4"]
[SourceTitle "Corr 2008"]
[Source "ChessBase"]
[SourceDate "2008.06.24"]
[SourceVersion "1"]
[SourceVersionDate "2008.06.24"]
[SourceQuality "1"]

1. d4 Nf6 2. c4 g6 3. Nc3 Bg7 4. e4 d6 5. f3 c6 6. Be3 0-0 7. Bd3 a6 8. Nge2 b5 9. cxb5 cxb5 10. b4 Bb7 11. Qd2 a5 12. Nxb5 axb4 13. Qxb4 Nc6 14. Qd2 Ne8 15. 0-0 Na5 16. Rab1 Bc6 17. d5 1-0